A not-unusual case of male genetic infertility (notice n° 1735337)

détails MARC
000 -LEADER
fixed length control field 01057cam a2200193 4500500
005 - DATE AND TIME OF LATEST TRANSACTION
control field 20260322003828.0
041 ## - LANGUAGE CODE
Language code of text/sound track or separate title fre
042 ## - AUTHENTICATION CODE
Authentication code dc
100 10 - MAIN ENTRY--PERSONAL NAME
Personal name Vallée, Clarisse
Relator term author
245 00 - TITLE STATEMENT
Title A not-unusual case of male genetic infertility
260 ## - PUBLICATION, DISTRIBUTION, ETC.
Date of publication, distribution, etc. 2023.<br/>
500 ## - GENERAL NOTE
General note 17
520 ## - SUMMARY, ETC.
Summary, etc. Following a year of regular unprotected intercourse with his partner without achieving pregnancy, Mr. L. turned to his general practitioner. A semen analysis was carried out and no spermatozoa were found. After being referred to a male infertility specialist, the patient underwent a second test and a comprehensive assessment of his azoospermia. The azoospermia was confirmed and the genetic investigation revealed aneuploidy.
700 10 - ADDED ENTRY--PERSONAL NAME
Personal name Ly, Anna
Relator term author
700 10 - ADDED ENTRY--PERSONAL NAME
Personal name Dupont, Charlotte
Relator term author
700 10 - ADDED ENTRY--PERSONAL NAME
Personal name Bachelot, Guillaume
Relator term author
786 0# - DATA SOURCE ENTRY
Note Annales de Biologie Clinique | 81 | 6 | 2023-11-01 | p. 657-659 | 0003-3898
856 41 - ELECTRONIC LOCATION AND ACCESS
Uniform Resource Identifier <a href="https://stm.cairn.info/journal-annales-de-biologie-clinique-2023-6-page-657?lang=en&redirect-ssocas=7080">https://stm.cairn.info/journal-annales-de-biologie-clinique-2023-6-page-657?lang=en&redirect-ssocas=7080</a>

Pas d'exemplaire disponible.

PLUDOC

PLUDOC est la plateforme unique et centralisée de gestion des bibliothèques physiques et numériques de Guinée administré par le CEDUST. Elle est la plus grande base de données de ressources documentaires pour les Étudiants, Enseignants chercheurs et Chercheurs de Guinée.

Adresse

627 919 101/664 919 101

25 boulevard du commerce
Kaloum, Conakry, Guinée

Réseaux sociaux

Powered by Netsen Group @ 2025